[Event "DEM U12 2025"]
[Site "Willingen GER"]
[Date "2025.06.11"]
[Round "5"]
[White "Aguike, Toshiya"]
[Black "Wingerath, Felix"]
[Result "1/2-1/2"]
[Termination "normal"]
[Board "9"]
[WhiteElo "1953"]
[BlackElo "1767"]
[WhiteClock "00:02:15"]
[BlackClock "00:16:31"]
[PlyCount "133"]
[WhiteFideId "34611347"]
[BlackFideId "34614834"]
[EventCountry "GER"]
[EventRounds "9"]
[EventType "swiss"]
[EventDate "2025.06.07"]

1. e4 {[%clk 01:30:40]} {[%emt 00:00:18]} c5 {[%clk 01:30:38]} {[%emt
00:00:24]} 2. Nf3 {[%clk 01:31:03]} {[%emt 00:00:06]} Nc6 {[%clk 01:30:54]}
{[%emt 00:00:14]} 3. d4 {[%clk 01:30:57]} {[%emt 00:00:36]} cxd4 {[%clk
01:30:49]} {[%emt 00:00:35]} 4. Nxd4 {[%clk 01:30:47]} {[%emt 00:00:40]} g6
{[%clk 01:30:42]} {[%emt 00:00:36]} 5. c4 {[%clk 01:29:09]} {[%emt 00:02:08]}
Bg7 {[%clk 01:30:49]} {[%emt 00:00:24]} 6. Be3 {[%clk 01:29:26]} {[%emt
00:00:12]} d6 {[%emt 00:00:39]} 7. Nc3 {[%clk 01:28:47]} {[%emt 00:01:08]} Nf6
{[%clk 01:30:51]} {[%emt 00:00:20]} 8. Be2 {[%clk 01:28:31]} {[%emt 00:00:45]}
O-O {[%clk 01:31:03]} {[%emt 00:00:19]} 9. O-O {[%clk 01:28:41]} {[%emt
00:00:19]} Nxd4 {[%clk 01:31:03]} {[%emt 00:00:31]} 10. Bxd4 {[%clk 01:28:13]}
{[%emt 00:00:58]} Bd7 {[%clk 01:30:55]} {[%emt 00:00:38]} 11. Rc1 {[%clk
01:24:16]} {[%emt 00:04:25]} Bc6 {[%clk 01:30:14]} {[%emt 00:01:13]} 12. f3
{[%clk 01:22:48]} {[%emt 00:01:58]} Nd7 {[%clk 01:30:25]} {[%emt 00:00:19]} 13.
Be3 {[%clk 01:21:48]} {[%emt 00:01:30]} a5 {[%clk 01:30:21]} {[%emt 00:00:34]}
14. Kh1 {[%clk 01:18:48]} {[%emt 00:03:30]} a4 {[%clk 01:29:21]} {[%emt
00:01:30]} 15. Qd2 {[%clk 01:18:26]} {[%emt 00:00:51]} Nc5 {[%clk 01:28:52]}
{[%emt 00:00:59]} 16. Rfd1 {[%clk 01:17:54]} {[%emt 00:01:02]} Re8 {[%clk
01:27:17]} {[%emt 00:02:06]} 17. Qc2 {[%clk 01:08:16]} {[%emt 00:10:08]} Qa5
{[%clk 01:26:32]} {[%emt 00:01:14]} 18. Bf1 {[%clk 00:57:42]} {[%emt 00:11:05]}
Rab8 {[%clk 01:22:26]} {[%emt 00:04:37]} 19. Ne2 {[%clk 00:55:53]} {[%emt
00:02:18]} Ne6 {[%clk 01:20:14]} {[%emt 00:02:42]} 20. Ng3 {[%clk 00:54:16]}
{[%emt 00:02:08]} Qb4 {[%clk 01:16:19]} {[%emt 00:04:25]} 21. b3 {[%clk
00:52:58]} {[%emt 00:01:48]} axb3 {[%clk 01:11:18]} {[%emt 00:05:31]} 22. Qxb3
{[%clk 00:53:08]} {[%emt 00:00:20]} Qxb3 {[%clk 01:11:10]} {[%emt 00:00:38]}
23. axb3 {[%clk 00:53:33]} {[%emt 00:00:05]} Rec8 {[%clk 01:03:40]} {[%emt
00:08:00]} 24. b4 {[%clk 00:45:33]} {[%emt 00:08:30]} b6 {[%clk 01:02:20]}
{[%emt 00:01:50]} 25. b5 {[%clk 00:45:24]} {[%emt 00:00:40]} Be8 {[%clk
01:02:13]} {[%emt 00:00:37]} 26. Ne2 {[%clk 00:38:29]} {[%emt 00:07:24]} Nc5
{[%clk 00:58:25]} {[%emt 00:04:18]} 27. Nc3 {[%clk 00:36:32]} {[%emt 00:02:26]}
Bd7 {[%clk 00:57:57]} {[%emt 00:00:58]} 28. Bxc5 {[%clk 00:35:01]} {[%emt
00:02:02]} Rxc5 {[%clk 00:55:12]} {[%emt 00:03:15]} 29. Nd5 {[%clk 00:35:16]}
{[%emt 00:00:14]} Kf8 {[%clk 00:54:30]} {[%emt 00:01:12]} 30. Nb4 {[%clk
00:34:19]} {[%emt 00:01:27]} Rcc8 {[%clk 00:49:12]} {[%emt 00:05:49]} 31. Na6
{[%clk 00:33:45]} {[%emt 00:01:04]} Rb7 {[%clk 00:49:18]} {[%emt 00:00:24]} 32.
Rb1 {[%clk 00:29:14]} {[%emt 00:05:01]} Be6 {[%clk 00:47:11]} {[%emt 00:02:38]}
33. Rdc1 {[%clk 00:28:29]} {[%emt 00:01:12]} Bh6 {[%clk 00:46:03]} {[%emt
00:01:40]} 34. Rc2 {[%clk 00:28:28]} {[%emt 00:00:32]} d5 {[%clk 00:37:41]}
{[%emt 00:08:52]} 35. c5 {[%clk 00:25:33]} {[%emt 00:03:25]} bxc5 {[%clk
00:36:01]} {[%emt 00:02:10]} 36. Nxc5 {[%clk 00:22:14]} {[%emt 00:03:48]} Rbc7
{[%clk 00:35:27]} {[%emt 00:01:05]} 37. Nxe6+ {[%clk 00:22:17]} {[%emt
00:00:26]} fxe6 {[%clk 00:35:50]} {[%emt 00:00:08]} 38. Rxc7 {[%clk 00:22:41]}
{[%emt 00:00:06]} Rxc7 {[%clk 00:36:11]} {[%emt 00:00:09]} 39. b6 {[%clk
00:21:16]} {[%emt 00:01:55]} Rb7 {[%clk 00:36:06]} {[%emt 00:00:35]} 40. Ba6
{[%clk 00:21:38]} {[%emt 00:00:07]} Rb8 {[%clk 00:36:31]} {[%emt 00:00:05]} 41.
b7 {[%clk 00:21:06]} {[%emt 00:01:03]} Be3 {[%clk 00:36:00]} {[%emt 00:01:01]}
42. Rb2 {[%clk 00:20:16]} {[%emt 00:01:19]} Kf7 {[%clk 00:35:39]} {[%emt
00:00:51]} 43. Rc2 {[%clk 00:19:41]} {[%emt 00:01:05]} Kf6 {[%clk 00:35:24]}
{[%emt 00:00:45]} 44. Rc8 {[%clk 00:19:46]} {[%emt 00:00:24]} Ba7 {[%clk
00:35:47]} {[%emt 00:00:09]} 45. exd5 {[%clk 00:17:56]} {[%emt 00:02:20]} exd5
{[%clk 00:36:05]} {[%emt 00:00:11]} 46. g3 {[%clk 00:18:17]} {[%emt 00:00:09]}
e5 {[%clk 00:34:46]} {[%emt 00:01:49]} 47. Kg2 {[%clk 00:17:39]} {[%emt
00:01:07]} e4 {[%clk 00:34:31]} {[%emt 00:00:47]} 48. fxe4 {[%clk 00:17:46]}
{[%emt 00:00:22]} dxe4 {[%clk 00:34:34]} {[%emt 00:00:28]} 49. Kf1 {[%clk
00:17:30]} {[%emt 00:00:44]} e3 {[%clk 00:34:37]} {[%emt 00:00:28]} 50. Ke2
{[%clk 00:17:35]} {[%emt 00:00:25]} h5 {[%clk 00:33:35]} {[%emt 00:01:33]} 51.
Rc6+ {[%clk 00:14:46]} {[%emt 00:03:18]} Kg7 {[%clk 00:28:57]} {[%emt
00:05:07]} 52. Rc7+ {[%clk 00:14:36]} {[%emt 00:00:40]} Kf6 {[%clk 00:29:19]}
{[%emt 00:00:09]} 53. Bd3 {[%clk 00:13:29]} {[%emt 00:01:37]} g5 {[%clk
00:28:39]} {[%emt 00:01:10]} 54. Ba6 {[%clk 00:09:20]} {[%emt 00:04:39]} h4
{[%clk 00:22:44]} {[%emt 00:06:25]} 55. Rc6+ {[%clk 00:09:44]} {[%emt
00:00:07]} Kf5 {[%clk 00:20:58]} {[%emt 00:02:16]} 56. gxh4 {[%clk 00:04:52]}
{[%emt 00:05:21]} gxh4 {[%clk 00:21:17]} {[%emt 00:00:11]} 57. Bd3+ {[%clk
00:04:42]} {[%emt 00:00:41]} Kg4 {[%clk 00:20:17]} {[%emt 00:01:30]} 58. h3+
{[%clk 00:02:07]} {[%emt 00:03:04]} Kxh3 {[%clk 00:17:27]} {[%emt 00:03:20]}
59. Bf5+ {[%clk 00:02:15]} {[%emt 00:00:22]} Kg3 {[%clk 00:16:31]} {[%emt
00:01:26]} 60. Bc8 {[%clk 00:02:35]} {[%emt 00:00:10]} h3 {[%clk 00:15:12]}
{[%emt 00:01:49]} 61. Rg6+ {[%clk 00:01:54]} {[%emt 00:01:10]} Kf4 {[%clk
00:15:14]} {[%emt 00:00:29]} 62. Rh6 {[%clk 00:02:02]} {[%emt 00:00:22]} Ke5
{[%clk 00:15:00]} {[%emt 00:00:45]} 63. Rxh3 {[%clk 00:02:21]} {[%emt
00:00:10]} Kd6 {[%clk 00:15:03]} {[%emt 00:00:27]} 64. Rh7 {[%clk 00:01:08]}
{[%emt 00:01:41]} Kc6 {[%clk 00:14:50]} {[%emt 00:00:46]} 65. Bg4 {[%clk
00:28:06]} {[%emt 00:03:31]} Kb6 {[%clk 00:36:49]} {[%emt 00:08:32]} 66. Bf3
{[%clk 00:27:17]} {[%emt 00:01:18]} Ka6 {[%clk 00:36:41]} {[%emt 00:00:38]} 67.
Rd7 {[%clk 00:25:46]} {[%emt 00:02:00]} 1/2-1/2

[Event "DEM U12 2025"]
[Site "Willingen GER"]
[Date "2025.06.11"]
[Round "5"]
[White "Kottage, Nilash Nethul"]
[Black "Wagener, Nicolas"]
[Result "1-0"]
[Termination "normal"]
[Board "10"]
[WhiteElo "1526"]
[BlackElo "1765"]
[WhiteClock "00:37:49"]
[BlackClock "00:02:30"]
[PlyCount "81"]
[WhiteFideId "29935768"]
[BlackFideId "34607935"]
[EventCountry "GER"]
[EventRounds "9"]
[EventType "swiss"]
[EventDate "2025.06.07"]

1. c4 {[%clk 01:30:48]} {[%emt 00:00:10]} e6 {[%clk 01:31:25]} {[%emt
00:00:07]} 2. Nc3 {[%clk 01:31:00]} {[%emt 00:00:18]} d5 {[%clk 01:31:46]}
{[%emt 00:00:08]} 3. cxd5 {[%clk 01:31:11]} {[%emt 00:00:19]} exd5 {[%clk
01:32:11]} {[%emt 00:00:05]} 4. d4 {[%clk 01:30:57]} {[%emt 00:00:45]} Nf6
{[%clk 01:32:33]} {[%emt 00:00:08]} 5. Bg5 {[%clk 01:30:59]} {[%emt 00:00:27]}
Be7 {[%clk 01:31:42]} {[%emt 00:01:21]} 6. e3 {[%clk 01:26:33]} {[%emt
00:04:55]} Be6 {[%clk 01:30:07]} {[%emt 00:02:04]} 7. Nf3 {[%clk 01:22:18]}
{[%emt 00:04:48]} Ne4 {[%clk 01:29:59]} {[%emt 00:00:36]} 8. Bxe7 {[%clk
01:17:20]} {[%emt 00:05:29]} Qxe7 {[%clk 01:30:19]} {[%emt 00:00:10]} 9. Qb3
{[%clk 01:14:55]} {[%emt 00:02:57]} c6 {[%clk 01:30:11]} {[%emt 00:00:35]} 10.
Bd3 {[%clk 01:14:55]} {[%emt 00:00:29]} f5 {[%clk 01:29:35]} {[%emt 00:01:06]}
11. Ne5 {[%clk 01:13:36]} {[%emt 00:01:52]} O-O {[%clk 01:29:38]} {[%emt
00:00:27]} 12. g3 {[%clk 01:08:39]} {[%emt 00:05:27]} Re8 {[%clk 01:25:43]}
{[%emt 00:04:25]} 13. f3 {[%clk 01:01:04]} {[%emt 00:08:06]} Nxc3 {[%clk
01:23:02]} {[%emt 00:03:10]} 14. bxc3 {[%clk 01:00:58]} {[%emt 00:00:36]} Nd7
{[%clk 01:22:49]} {[%emt 00:00:42]} 15. f4 {[%clk 00:59:37]} {[%emt 00:01:52]}
Nxe5 {[%clk 01:21:23]} {[%emt 00:01:56]} 16. fxe5 {[%clk 00:59:05]} {[%emt
00:01:01]} Qg5 {[%clk 01:20:35]} {[%emt 00:01:13]} 17. Kf2 {[%clk 00:54:52]}
{[%emt 00:04:49]} Rf8 {[%clk 01:16:55]} {[%emt 00:04:05]} 18. Qd1 {[%clk
00:50:11]} {[%emt 00:05:15]} Bf7 {[%clk 01:09:02]} {[%emt 00:08:24]} 19. Qd2
{[%clk 00:45:52]} {[%emt 00:04:49]} Bh5 {[%clk 01:07:41]} {[%emt 00:01:50]} 20.
Be2 {[%clk 00:44:40]} {[%emt 00:01:43]} Bg4 {[%clk 01:05:25]} {[%emt 00:02:39]}
21. h3 {[%clk 00:44:40]} {[%emt 00:00:37]} Bxe2 {[%clk 01:04:19]} {[%emt
00:01:35]} 22. Qxe2 {[%clk 00:45:02]} {[%emt 00:00:09]} c5 {[%clk 01:00:23]}
{[%emt 00:04:26]} 23. Rab1 {[%clk 00:41:34]} {[%emt 00:03:58]} cxd4 {[%clk
00:59:58]} {[%emt 00:00:55]} 24. cxd4 {[%clk 00:41:48]} {[%emt 00:00:16]} b6
{[%clk 00:41:40]} {[%emt 00:18:46]} 25. Rbc1 {[%clk 00:41:30]} {[%emt
00:00:50]} Rac8 {[%clk 00:34:59]} {[%emt 00:07:10]} 26. Qf3 {[%clk 00:39:56]}
{[%emt 00:01:20]} Rcd8 {[%clk 00:26:52]} {[%emt 00:09:24]} 27. Rc7 {[%clk
00:39:47]} {[%emt 00:00:40]} Rf7 {[%clk 00:22:27]} {[%emt 00:04:54]} 28. Rhc1
{[%clk 00:39:34]} {[%emt 00:00:43]} Qg6 {[%clk 00:20:55]} {[%emt 00:02:02]} 29.
R7c6 {[%clk 00:37:58]} {[%emt 00:02:06]} Qg5 {[%clk 00:20:39]} {[%emt
00:00:42]} 30. Rd6 {[%clk 00:37:09]} {[%emt 00:01:23]} Rxd6 {[%clk 00:11:49]}
{[%emt 00:09:20]} 31. exd6 {[%clk 00:37:31]} {[%emt 00:00:07]} f4 {[%clk
00:10:07]} {[%emt 00:02:12]} 32. Rc8+ {[%clk 00:37:02]} {[%emt 00:01:00]} Rf8
{[%clk 00:10:18]} {[%emt 00:00:19]} 33. d7 {[%clk 00:36:15]} {[%emt 00:01:18]}
fxe3+ {[%clk 00:04:19]} {[%emt 00:06:29]} 34. Ke2 {[%clk 00:36:08]} {[%emt
00:00:32]} Rd8 {[%clk 00:04:42]} {[%emt 00:00:10]} 35. Qxe3 {[%clk 00:35:18]}
{[%emt 00:01:21]} Qxe3+ {[%clk 00:00:33]} {[%emt 00:04:37]} 36. Kxe3 {[%clk
00:35:47]} {[%emt 00:00:02]} Kf7 {[%clk 00:00:52]} {[%emt 00:00:12]} 37. Rxd8
{[%clk 00:36:11]} {[%emt 00:00:05]} Ke7 {[%clk 00:01:17]} {[%emt 00:00:04]} 38.
Ra8 {[%clk 00:36:30]} {[%emt 00:00:12]} Kxd7 {[%emt 00:00:07]} 39. Rxa7+ {[%clk
00:36:56]} {[%emt 00:00:04]} Kc6 {[%clk 00:02:04]} {[%emt 00:00:07]} 40. Rxg7
{[%clk 00:37:22]} {[%emt 00:00:03]} b5 {[%clk 00:02:30]} {[%emt 00:00:05]} 41.
Rxh7 {[%clk 00:37:49]} {[%emt 00:00:03]} 1-0

[Event "DEM U12 2025"]
[Site "Willingen GER"]
[Date "2025.06.11"]
[Round "5"]
[White "Richter, Felix"]
[Black "Dotschuweit, Erik"]
[Result "1/2-1/2"]
[Termination "normal"]
[Board "11"]
[WhiteElo "1867"]
[BlackElo "1676"]
[WhiteClock "00:18:50"]
[BlackClock "00:26:26"]
[PlyCount "137"]
[WhiteFideId "34631356"]
[BlackFideId "34610146"]
[EventCountry "GER"]
[EventRounds "9"]
[EventType "swiss"]
[EventDate "2025.06.07"]

1. e4 {[%clk 01:30:58]} {[%emt 00:00:01]} c6 {[%clk 01:30:51]} {[%emt
00:00:09]} 2. Nf3 {[%clk 01:31:17]} {[%emt 00:00:11]} d5 {[%clk 01:30:59]}
{[%emt 00:00:22]} 3. Nc3 {[%clk 01:31:39]} {[%emt 00:00:08]} Bg4 {[%clk
01:28:05]} {[%emt 00:03:24]} 4. Be2 {[%clk 01:31:52]} {[%emt 00:00:16]} dxe4
{[%clk 01:21:25]} {[%emt 00:07:10]} 5. Nxe4 {[%clk 01:32:20]} {[%emt 00:00:02]}
Nf6 {[%clk 01:21:17]} {[%emt 00:00:39]} 6. Ng3 {[%clk 01:30:30]} {[%emt
00:02:20]} Nbd7 {[%clk 01:17:57]} {[%emt 00:03:49]} 7. d4 {[%clk 01:30:25]}
{[%emt 00:00:34]} Bxf3 {[%clk 01:15:53]} {[%emt 00:02:35]} 8. Bxf3 {[%clk
01:29:17]} {[%emt 00:01:39]} e5 {[%clk 01:15:43]} {[%emt 00:00:39]} 9. O-O
{[%clk 01:27:28]} {[%emt 00:02:19]} Be7 {[%clk 01:15:34]} {[%emt 00:00:40]} 10.
Nf5 {[%clk 01:27:04]} {[%emt 00:00:52]} O-O {[%clk 01:15:22]} {[%emt 00:00:44]}
11. Nxe7+ {[%clk 01:26:59]} {[%emt 00:00:35]} Qxe7 {[%clk 01:15:43]} {[%emt
00:00:09]} 12. Re1 {[%clk 01:23:41]} {[%emt 00:03:47]} Rad8 {[%clk 01:12:03]}
{[%emt 00:04:10]} 13. Bg5 {[%clk 01:21:39]} {[%emt 00:02:31]} h6 {[%clk
01:11:52]} {[%emt 00:00:41]} 14. Bh4 {[%clk 01:21:59]} {[%emt 00:00:10]} Rfe8
{[%clk 01:11:20]} {[%emt 00:01:02]} 15. c3 {[%clk 01:18:49]} {[%emt 00:03:40]}
g5 {[%clk 01:06:55]} {[%emt 00:04:54]} 16. Bg3 {[%clk 01:19:03]} {[%emt
00:00:17]} e4 {[%clk 01:05:39]} {[%emt 00:01:47]} 17. Qb3 {[%clk 01:18:39]}
{[%emt 00:00:53]} Nb6 {[%clk 01:03:45]} {[%emt 00:02:25]} 18. Rad1 {[%clk
01:16:00]} {[%emt 00:03:07]} Qe6 {[%clk 01:02:40]} {[%emt 00:01:36]} 19. Qc2
{[%clk 01:13:54]} {[%emt 00:02:36]} Qd5 {[%clk 01:01:43]} {[%emt 00:01:27]} 20.
Be2 {[%clk 01:13:13]} {[%emt 00:01:12]} e3 {[%clk 00:49:27]} {[%emt 00:12:46]}
21. fxe3 {[%clk 01:07:41]} {[%emt 00:06:01]} Rxe3 {[%clk 00:49:49]} {[%emt
00:00:09]} 22. Be5 {[%clk 01:05:44]} {[%emt 00:02:24]} Qe4 {[%clk 00:46:09]}
{[%emt 00:04:13]} 23. Qxe4 {[%clk 01:01:28]} {[%emt 00:04:45]} Nxe4 {[%clk
00:46:21]} {[%emt 00:00:18]} 24. Bg4 {[%emt 00:12:01]} Nc4 {[%clk 00:43:58]}
25. Bf3 {[%clk 00:48:49]} {[%emt 00:04:31]} Rxe1+ {[%clk 00:42:16]} {[%emt
00:02:13]} 26. Rxe1 {[%clk 00:49:17]} {[%emt 00:00:01]} Nxe5 {[%clk 00:42:35]}
{[%emt 00:00:12]} 27. Bxe4 {[%clk 00:49:28]} {[%emt 00:00:18]} Nc4 {[%clk
00:42:32]} {[%emt 00:00:33]} 28. b3 {[%clk 00:49:21]} {[%emt 00:00:36]} Nd6
{[%clk 00:42:56]} {[%emt 00:00:08]} 29. Bd3 {[%clk 00:49:26]} {[%emt 00:00:24]}
Re8 {[%clk 00:42:19]} {[%emt 00:01:07]} 30. Rxe8+ {[%clk 00:49:08]} {[%emt
00:00:49]} Nxe8 {[%clk 00:42:43]} {[%emt 00:00:06]} 31. Kf2 {[%clk 00:49:31]}
{[%emt 00:00:06]} Nd6 {[%clk 00:42:48]} {[%emt 00:00:26]} 32. Ke3 {[%clk
00:48:41]} {[%emt 00:01:18]} f5 {[%clk 00:42:56]} {[%emt 00:00:22]} 33. c4
{[%clk 00:48:35]} {[%emt 00:00:36]} Kf7 {[%clk 00:42:47]} {[%emt 00:00:40]} 34.
c5 {[%clk 00:48:50]} {[%emt 00:00:15]} f4+ {[%clk 00:43:12]} {[%emt 00:00:05]}
35. Kf3 {[%clk 00:49:10]} {[%emt 00:00:10]} Ne8 {[%clk 00:42:06]} {[%emt
00:01:36]} 36. Bc4+ {[%clk 00:48:59]} {[%emt 00:00:40]} Kf6 {[%clk 00:41:59]}
{[%emt 00:00:39]} 37. Ke4 {[%clk 00:49:11]} {[%emt 00:00:17]} Nc7 {[%clk
00:42:01]} {[%emt 00:00:29]} 38. a4 {[%clk 00:46:57]} {[%emt 00:02:46]} a5
{[%clk 00:42:00]} {[%emt 00:00:30]} 39. g3 {[%clk 00:46:53]} {[%emt 00:00:33]}
fxg3 {[%clk 00:40:11]} {[%emt 00:02:20]} 40. hxg3 {[%clk 00:47:22]} {[%emt
00:00:02]} h5 {[%clk 00:39:41]} {[%emt 00:01:00]} 41. Be2 {[%clk 00:47:32]}
{[%emt 00:00:15]} h4 {[%clk 00:32:57]} {[%emt 00:07:19]} 42. gxh4 {[%clk
00:44:25]} {[%emt 00:03:36]} gxh4 {[%clk 00:33:22]} {[%emt 00:00:05]} 43. Bg4
{[%clk 00:44:44]} {[%emt 00:00:10]} Ne6 {[%clk 00:29:59]} {[%emt 00:03:54]} 44.
Kd3 {[%clk 00:43:27]} {[%emt 00:01:44]} Nf4+ {[%clk 00:28:54]} {[%emt
00:01:37]} 45. Ke3 {[%clk 00:36:34]} {[%emt 00:07:08]} Ne6 {[%clk 00:25:47]}
{[%emt 00:03:52]} 46. Bh3 {[%clk 00:35:27]} {[%emt 00:01:29]} Ke7 {[%clk
00:25:38]} {[%emt 00:00:48]} 47. Bf5 {[%clk 00:34:41]} {[%emt 00:01:04]} Kf6
{[%clk 00:25:33]} {[%emt 00:00:46]} 48. Bg4 {[%clk 00:34:32]} {[%emt 00:00:35]}
Ke7 {[%clk 00:25:49]} {[%emt 00:00:18]} 49. Kd3 {[%clk 00:31:06]} {[%emt
00:03:55]} Kf6 {[%clk 00:25:49]} {[%emt 00:00:32]} 50. Kc4 {[%clk 00:31:07]}
{[%emt 00:00:27]} Nf4 {[%clk 00:22:54]} {[%emt 00:03:26]} 51. Bc8 {[%clk
00:21:35]} {[%emt 00:10:01]} Ke7 {[%clk 00:23:04]} {[%emt 00:00:22]} 52. b4
{[%clk 00:19:22]} {[%emt 00:02:42]} axb4 {[%clk 00:23:17]} {[%emt 00:00:17]}
53. Kxb4 {[%clk 00:18:36]} {[%emt 00:01:15]} h3 {[%clk 00:23:21]} {[%emt
00:00:26]} 54. Bf5 {[%clk 00:18:29]} {[%emt 00:00:33]} h2 {[%clk 00:23:35]}
{[%emt 00:00:22]} 55. Be4 {[%clk 00:18:28]} {[%emt 00:00:30]} Nd3+ {[%clk
00:22:50]} {[%emt 00:01:15]} 56. Ka5 {[%clk 00:18:45]} {[%emt 00:00:12]} Nf2
{[%clk 00:23:17]} {[%emt 00:00:04]} 57. Bg2 {[%clk 00:19:00]} {[%emt 00:00:14]}
Kd7 {[%clk 00:23:05]} {[%emt 00:00:43]} 58. Kb6 {[%clk 00:19:21]} {[%emt
00:00:08]} Kc8 {[%clk 00:23:23]} {[%emt 00:00:13]} 59. a5 {[%clk 00:17:48]}
{[%emt 00:02:04]} h1=Q {[%clk 00:23:26]} {[%emt 00:00:27]} 60. Bxh1 {[%clk
00:18:11]} {[%emt 00:00:06]} Nxh1 {[%clk 00:23:52]} {[%emt 00:00:03]} 61. a6
{[%clk 00:17:35]} {[%emt 00:01:06]} bxa6 {[%clk 00:24:11]} {[%emt 00:00:12]}
62. Kxc6 {[%clk 00:17:56]} {[%emt 00:00:10]} Ng3 {[%clk 00:24:19]} {[%emt
00:00:22]} 63. Kb6 {[%clk 00:17:43]} {[%emt 00:00:41]} Ne2 {[%clk 00:24:37]}
{[%emt 00:00:13]} 64. d5 {[%clk 00:17:40]} {[%emt 00:00:33]} Nc3 {[%clk
00:25:02]} {[%emt 00:00:05]} 65. d6 {[%clk 00:17:54]} {[%emt 00:00:17]} Ne4
{[%clk 00:25:21]} {[%emt 00:00:10]} 66. Kxa6 {[%clk 00:18:11]} {[%emt
00:00:13]} Nxc5+ {[%clk 00:25:38]} {[%emt 00:00:13]} 67. Kb6 {[%clk 00:18:29]}
{[%emt 00:00:11]} Ne4 {[%clk 00:26:02]} {[%emt 00:00:08]} 68. Kc6 {[%clk
00:18:50]} {[%emt 00:00:08]} Nxd6 {[%clk 00:26:26]} {[%emt 00:00:05]} 69. Kxd6
{[%clk 00:18:50]} {[%emt 00:00:08]} 1/2-1/2

[Event "DEM U12 2025"]
[Site "Willingen GER"]
[Date "2025.06.11"]
[Round "5"]
[White "Zielke, Mika"]
[Black "Meitzner, Jonathan Franz"]
[Result "1-0"]
[Termination "normal"]
[Board "12"]
[WhiteElo "1733"]
[BlackElo "1766"]
[WhiteClock "00:33:24"]
[BlackClock "00:06:38"]
[PlyCount "61"]
[WhiteFideId "34661816"]
[BlackFideId "34616110"]
[EventCountry "GER"]
[EventRounds "9"]
[EventType "swiss"]
[EventDate "2025.06.07"]

1. e4 {[%clk 01:30:55]} {[%emt 00:00:05]} c5 {[%clk 01:30:54]} {[%emt
00:00:06]} 2. Nf3 {[%clk 01:31:06]} {[%emt 00:00:19]} e6 {[%clk 01:31:16]}
{[%emt 00:00:08]} 3. g3 {[%clk 01:30:07]} {[%emt 00:01:29]} Nc6 {[%clk
01:30:40]} {[%emt 00:01:07]} 4. Bg2 {[%clk 01:30:27]} {[%emt 00:00:09]} Nge7
{[%clk 01:29:13]} {[%emt 00:01:58]} 5. O-O {[%clk 01:29:07]} {[%emt 00:01:50]}
g6 {[%clk 01:26:44]} {[%emt 00:02:59]} 6. c3 {[%clk 01:26:58]} {[%emt
00:02:39]} Bg7 {[%clk 01:27:07]} {[%emt 00:00:08]} 7. Re1 {[%clk 01:23:24]}
{[%emt 00:04:02]} d6 {[%clk 01:25:46]} {[%emt 00:01:52]} 8. d4 {[%clk
01:19:54]} {[%emt 00:04:00]} cxd4 {[%clk 01:26:03]} {[%emt 00:00:12]} 9. cxd4
{[%clk 01:20:14]} {[%emt 00:00:10]} d5 {[%clk 01:24:06]} {[%emt 00:02:28]} 10.
e5 {[%clk 01:18:33]} {[%emt 00:02:10]} Nf5 {[%clk 01:23:18]} {[%emt 00:01:19]}
11. Nc3 {[%clk 01:16:42]} {[%emt 00:02:21]} h6 {[%clk 01:21:33]} {[%emt
00:02:14]} 12. h4 {[%clk 01:10:40]} {[%emt 00:06:32]} Bd7 {[%clk 01:19:30]}
{[%emt 00:02:34]} 13. Bf4 {[%clk 01:07:59]} {[%emt 00:03:10]} Rc8 {[%clk
01:19:08]} {[%emt 00:00:52]} 14. Rc1 {[%clk 01:06:42]} {[%emt 00:01:46]} O-O
{[%clk 01:10:28]} {[%emt 00:09:11]} 15. Bh3 {[%clk 01:05:05]} {[%emt 00:02:06]}
Nfe7 {[%clk 01:09:39]} {[%emt 00:01:20]} 16. Qd2 {[%clk 01:03:29]} {[%emt
00:02:04]} Kh7 {[%clk 01:09:01]} {[%emt 00:01:09]} 17. g4 {[%clk 00:55:49]}
{[%emt 00:08:10]} Ng8 {[%clk 01:03:20]} {[%emt 00:06:11]} 18. h5 {[%clk
00:46:05]} {[%emt 00:10:14]} gxh5 {[%clk 00:54:50]} {[%emt 00:09:01]} 19. g5
{[%clk 00:43:02]} {[%emt 00:03:33]} Nce7 {[%clk 00:46:06]} {[%emt 00:09:14]}
20. Kh2 {[%clk 00:41:58]} {[%emt 00:01:33]} Ng6 {[%clk 00:42:54]} {[%emt
00:03:41]} 21. Ne2 {[%clk 00:40:11]} {[%emt 00:02:18]} Rxc1 {[%clk 00:40:52]}
{[%emt 00:02:32]} 22. Rxc1 {[%clk 00:39:32]} {[%emt 00:01:10]} hxg5 {[%clk
00:23:14]} {[%emt 00:18:10]} 23. Nxg5+ {[%clk 00:38:32]} {[%emt 00:01:29]} Kh8
{[%clk 00:23:32]} {[%emt 00:00:12]} 24. Rg1 {[%clk 00:37:52]} {[%emt 00:01:10]}
N8e7 {[%clk 00:21:24]} {[%emt 00:02:39]} 25. Qd3 {[%clk 00:35:42]} {[%emt
00:02:40]} Bh6 {[%clk 00:14:03]} {[%emt 00:07:51]} 26. Qf3 {[%clk 00:35:36]}
{[%emt 00:00:35]} Nxf4 {[%clk 00:11:32]} {[%emt 00:03:01]} 27. Nxf4 {[%clk
00:35:20]} {[%emt 00:00:46]} Bxg5 {[%clk 00:10:17]} {[%emt 00:01:46]} 28. Qxh5+
{[%clk 00:35:18]} {[%emt 00:00:31]} Kg7 {[%clk 00:06:26]} {[%emt 00:04:22]} 29.
Rxg5+ {[%clk 00:35:30]} {[%emt 00:00:17]} Ng6 {[%clk 00:06:49]} {[%emt
00:00:08]} 30. Nxg6 {[%clk 00:35:51]} {[%emt 00:00:08]} f6 {[%clk 00:06:38]}
{[%emt 00:00:41]} 31. exf6+ {[%clk 00:33:24]} {[%emt 00:02:57]} 1-0